000 00324nam a22001337a 4500
008 170320b xxu||||| |||| 00| 0 eng d
020 _a9780757548963
041 _aeng
080 _a616.8
100 _a7
101 _aSHM
245 _aTHE POWER WITHIN FROM NEUROSCIENCE TO TRANSFORMATION
_cDAUGHTERTY, A
942 _2udc
_cBK
999 _c8122
_d8122